Sort the 'T' Teams Quiz Stats

 Plays Quiz Updated Feb 19, 2018

Also try: Sort the 'R' Teams
Challenge
Share
Tweet
Embed
Score 0/7 Timer 00:30
7 Plays Today
Question Answer Wrong Answers
Tennessee Titans NFL
94.4%
MLB
1.2%
NBA
1.2%
NHL
1.2%
Portland Trail Blazers NBA
93.4%
MLB
1.6%
NFL
0.6%
NHL
2.4%
Oklahoma City Thunder NBA
91.7%
MLB
1.2%
NFL
0.8%
NHL
4.2%
Minnesota Twins MLB
91.5%
NBA
1.7%
NFL
0.9%
NHL
3.9%
Houston Texans NFL
91.3%
MLB
4.2%
NBA
1.2%
NHL
1.3%
Minnesota Timberwolves NBA
90.5%
MLB
1.7%
NFL
1%
NHL
4.9%
Detroit Tigers MLB
89.4%
NBA
1.6%
NFL
3.5%
NHL
3.5%

You're not logged in!

Compare scores with friends on all Sporcle quizzes.
Join for Free
OR
Log In

You Might Also Like...

Show Comments

Extras

Top Quizzes Today


Score Distribution

Your Account Isn't Verified!

In order to create a playlist on Sporcle, you need to verify the email address you used during registration. Go to your Sporcle Settings to finish the process.

Report this User

Report this user for behavior that violates our Community Guidelines.

Details: